High Precision Methods in Eigenvalue Problems and Their Applications (Record no. 247638)

000 -LEADER
fixed length control field 00365 a2200133 4500
001 - CONTROL NUMBER
control field 12565
082 ## - DEWEY DECIMAL CLASSIFICATION NUMBER
Classification number 512.943622AKU
090 ## - LOCALLY ASSIGNED LC-TYPE CALL NUMBER (OCLC); LOCAL CALL NUMBER (RLIN)
-- 9577
-- 9577
100 ## - MAIN ENTRY--PERSONAL NAME
Personal name Akulenko,L.D
245 ## - TITLE STATEMENT
Title High Precision Methods in Eigenvalue Problems and Their Applications
260 ## - PUBLICATION, DISTRIBUTION, ETC.
Place of publication, distribution, etc. Germany
Name of publisher, distributor, etc. Chapman & Hall
Date of publication, distribution, etc. 2005
300 ## - PHYSICAL DESCRIPTION
Extent xix, 239 p.
740 ## - ADDED ENTRY--UNCONTROLLED RELATED/ANALYTICAL TITLE
Uncontrolled related/analytical title Eigenvalue Problems
942 ## - ADDED ENTRY ELEMENTS (KOHA)
Institution code [OBSOLETE] NUST-CAE
Call number prefix 512.943622AKU
Holdings
Withdrawn status Lost status Damaged status Not for loan Collection code Permanent Location Current Location Date acquired Total Checkouts Full call number Barcode Date last seen Price effective from Koha item type
          College of Aeronautical Engineering (CAE) College of Aeronautical Engineering (CAE) 04/03/2017   512.943622AKU CAEN-3729 04/05/2017 04/05/2017 Book
© 2023 Central Library, National University of Sciences and Technology. All Rights Reserved.